000 00755nam a2200217 a 4500
001 13698
003 BD-JhCC
005 20240314124801.0
008 240314b2020 bg |||| ||a| 001 0 eng d
020 _a9789845062848
035 _a(BD-JhCC)13698
040 _aBD-JhCC
_dBD-JhCC
041 _aenglish
082 _a338.09564
_bUZZ 2020
100 _a Uzzaman,Anis
245 _aStartup kingdom :
_b Learning to thrive in the world of startups /
_cAnis Uzzaman,Shameem Ahsan
260 _aDhaka:
_bUniversity Press Limited;
_c2020.
300 _a200 p. :
_c22 cm.
650 _aNew business enterprises Asia
_vNew business enterprises Management
_xNouvelles entreprises Asie Gestion
_ySuccess in business
_zSuccès dans les affaires Asie
942 _2ddc
_cBK
999 _c13698
_d13698